Vplyv geometrie na vnútorné sily a napätia na moste
Gespeichert in:
| 1. Verfasser: | |
|---|---|
| Weitere Verfasser: | |
| Format: | Manuskript Buch |
| Sprache: | Slowakisch |
| Veröffentlicht: |
2025
|
| Schlagworte: | |
| Online-Zugang: | http://is.stuba.sk/zp/portal_zp.pl?podrobnosti=175699 CRZP |
| Tags: |
Keine Tags, Fügen Sie das erste Tag hinzu!
|
MARC
| LEADER | 00000ntm a22000003a 4500 | ||
|---|---|---|---|
| 001 | stuzp105354 | ||
| 003 | SK-STU | ||
| 005 | 20250724104346.3 | ||
| 007 | ta | ||
| 008 | 150427s2015----xo-----f-mn---000-0-slo-d | ||
| 040 | |a STU |b slo | ||
| 041 | 0 | |a slo | |
| 100 | 1 | |a Halúska, Samuel |u 010250 |4 aut |U SvF Stavebná fakulta |T SvF Katedra stavebnej mechaniky |X 121180 |U V250 |Y 26 |7 121180 | |
| 242 | 0 | 1 | |a The effect of geometry on internal forces and stresses on a bridge |y eng |
| 245 | 1 | 0 | |a Vplyv geometrie na vnútorné sily a napätia na moste |
| 260 | |c 2025 | ||
| 650 | 4 | |a Metóda konečných prvkov |2 slo | |
| 650 | 4 | |a MKP |2 slo | |
| 650 | 4 | |a trojuholníkový element |2 slo | |
| 650 | 4 | |a rotačné stupne voľnosti |2 slo | |
| 650 | 4 | |a drilling freedom |2 slo | |
| 650 | 4 | |a VBA |2 slo | |
| 650 | 4 | |a Microsoft Excel |2 slo | |
| 650 | 4 | |a statická analýza |2 slo | |
| 650 | 4 | |a stenové konštrukcie |2 slo | |
| 650 | 4 | |a mostná konštrukcia |2 slo | |
| 650 | 4 | |a Finite Element Method |2 eng | |
| 650 | 4 | |a FEM |2 eng | |
| 650 | 4 | |a drilling freedom |2 eng | |
| 650 | 4 | |a VBA |2 eng | |
| 650 | 4 | |a Microsoft Excel |2 eng | |
| 650 | 4 | |a triangular element |2 eng | |
| 650 | 4 | |a rotational degrees of freedom |2 eng | |
| 650 | 4 | |a static analysis |2 eng | |
| 650 | 4 | |a wall structures |2 eng | |
| 650 | 4 | |a bridge structure |2 eng | |
| 700 | 1 | |a Sokol, Milan |u 010250 |k Z1 |4 ths |U SvF Stavebná fakulta |T SvF Katedra stavebnej mechaniky |X 687 |U V250 |Y 26 |7 A000000687 | |
| 856 | 4 | |u http://is.stuba.sk/zp/portal_zp.pl?podrobnosti=175699 | |
| 856 | 4 | |u https://opac.crzp.sk/?fn=detailBiblioForm&sid=C9A1C75A261DD259FD81401E26A3 |z CRZP | |